A nyomozás ellenére is megkapta a támogatást az iskola

Bibliographic Details
Format: Article
Language:Hungarian
PhysicalDescription:Fotogr.
ISSN:1335-7050
Subjects:

MARC

LEADER 00000nab a2200000 a 4500
001 vtls010635456
003 SK-MaSNL
005 20260319071128.0
008 141113c20141113xo d| | 000 0|2hun
015 |a SNBRB2014/11 
038 |a DSZK 
040 |a DSZK  |b slo  |c DSZK  |e AACR2 
041 0 |a hun 
044 |a xo  |c SK 
080 |a 373.6  |x (437.612)  |2 2001 
080 |a 355.134.3  |2 2001 
245 0 0 |a A nyomozás ellenére is megkapta a támogatást az iskola  |c [szerző] (Plus7Dní, szcs) 
300 |b Fotogr. 
610 2 7 |a Súkromná stredná odborná škola, Trhovisko (Dunajská Streda, Slovensko)  |2 dszk  |9 1087515 
650 0 7 |a finančné dotácie  |2 dszk  |9 50038 
651 7 |a Dunajská Streda (Slovensko)  |2 SNKPHgeo  |9 17375 
773 0 |t Új szó  |g Évf. 67, sz. 261 (2014.11.13), o. 5  |x 1335-7050 
852 |a DSZK  |b KIS3GCP 
958 |a HU 
958 |a SK 
999 |c 1798549  |d 1800479